Mother Mother - Legs Away Lyrics Quiz - Statistics

General Stats
  • This quiz has been taken 11 times
  • The average score is 197 of 225
Answer Stats
Hint Answer % Correct
A
100%
a
100%
about
100%
ago
100%
an
100%
An
100%
And
100%
and
100%
away
100%
away,
100%
belly's
100%
But
100%
'Cause
100%
do
100%
don't
100%
eat
100%
full
100%
go
100%
got
100%
He
100%
hour
100%
Lyrics: I
100%
I'm
100%
legs
100%
local
100%
lost
100%
me
100%
much
100%
my
100%
"My
100%
now
100%
now,
100%
nowhere
100%
Oh,
100%
oh
100%
oh,
100%
place
100%
ride
100%
safe
100%
safe,
100%
said,
100%
side
100%
so
100%
spirit's
100%
store
100%
taking
100%
the
100%
they're
100%
threw
100%
to
100%
today,
100%
today
100%
today"
100%
truck
100%
way
100%
wishing
100%
all
67%
are
67%
carry
67%
caught
67%
"Come
67%
day
67%
dead"
67%
down
67%
empty
67%
fence
67%
for
67%
for,
67%
foreign
67%
fork
67%
from
67%
glance
67%
head
67%
here
67%
hey
67%
Hey
67%
hoping
67%
in
67%
is
67%
its
67%
land
67%
looking
67%
luck?"
67%
man
67%
nod
67%
nothing
67%
of
67%
old
67%
on
67%
out
67%
passenger
67%
past
67%
picket
67%
pickup
67%
road
67%
sailed
67%
say
67%
says,
67%
seen
67%
she
67%
sit
67%
"Son,
67%
stand
67%
stay
67%
still
67%
stranger
67%
street
67%
take
67%
that
67%
That
67%
that's
67%
these
67%
things
67%
weather
67%
whore
67%
With
67%
you
67%
You
67%
your
67%
yourself
67%
barn
33%
hard
33%
I'll
33%
spent
33%
vane
33%
No matching quizzes found
Score Distribution
Percent of People with Each Score
Percentile by Number Answered
Your Score History
You have not taken this quiz